Jedenáste bratislavské dni fyziológie a patológie dýchania

Bibliographic Details
Main Author: Hupka, Vladimír, 1948- (Author)
Format: Article
Language:Slovak
Subjects:

MARC

LEADER 00000nab a2200000 a 4500
001 vtls000583466
003 SK-MaSNL
005 20260304040151.0
008 220422c1996 xo 0 slo
015 |a SNBRB19rr/mm-uuuuu 
035 |a CL0583605 
040 |a SNKBUCL  |b slo  |c SNKBUCL  |e AACR2 
041 0 |a slo 
044 |a xo  |c SK 
080 |a 612.2:616.2:061.3  |2 1981 
080 |a 616.2  |2 1981 
100 1 |a Hupka, Vladimír,  |d 1948-  |4 aut  |9 240806 
245 1 0 |a Jedenáste bratislavské dni fyziológie a patológie dýchania  |c Vladimír Hupka 
650 0 7 |a dýchanie  |2 snkbucl  |9 16298 
655 7 |a články z novín a časopisov  |2 snkbucl  |9 267496 
773 0 |t Studia pneumologica et phtiseologica  |g Roč. 56, č. 1 (1996), s. 46  |x 0371-2222 
850 |a Slovenská národná knižnica v Martine  |a MTA001 
852 |a SNK  |b KIS3GCP 
958 |a RK 
958 |a ME 
992 |a RBX 
999 |c 2661908  |d 2663838